000 00985nam a22002657a 4500
999 _c29541
_d29512
003 EG-ScBUE
005 20211003115746.0
008 210929s2008 ua o f 000 0 ara d
017 _a2008/16159
020 _a9775309509
040 _aEG-ScBUE
_bara
_erda
_cEG-ScBUE
_dEG-ScBUE
082 0 4 _a940.53
_bف ت ا
_222
100 1 _aعبد الفتاح، عصام،
_eمؤلف.
_928006
245 1 2 _aالحرب العالمية الثانية :
_bالسلاح في خدمة السياسة /
_cعصام عبد الفتاح.
264 1 _aالقاهرة :
_bكنوز للنشر والتوزيع،
_c[2008]
300 _a175 صفحة :
_bصور ؛
_c22 سم
336 _2rdacontent
_aنص
_btxt
337 _2rdamedia
_aبدون وسيط
_bn
338 _2rdacarrier
_aمجلد
_bnc
541 _cDonation.
650 _a‪الحرب العالمية الثانية، 1939-1945 م.
_2BUEsh
653 7 _aBUEsh
_bBUSBOL
_cSeptember2021
655 7 _2BUEsh
_vReading book
_934232
942 _2ddc